| 000 | 00394nam a2200169Ia 4500 | ||
|---|---|---|---|
| 008 | 170203s9999 xx 000 0 und d | ||
| 020 | _a0-671664670 | ||
| 050 | _aFic | ||
| 050 | _b.D419c 1973 | ||
| 100 | _adePaola, Tomie | ||
| 245 | _aCharlie Needs A Cloak / | ||
| 245 | _c Tomie dePaola | ||
| 260 | _aU.S.A : | ||
| 260 | _bSimon & Schuster | ||
| 260 | _c1973 | ||
| 300 | _a32 pages : | ||
| 999 |
_c306040 _d306040 |
||